Statystyki dla Atletico Madryt 2019/2020

Kliknij tutaj aby rozwiązać quiz!

Ogólne statystyki

  • Ten quiz został rozwiązany 237 razy
  • Średni wynik to 14 z 22

Statystyki odpowiedzi

PozycjaImię i Nazwisko% Poprawnych
BramkarzJan Oblak
99%
PomocnikKoke
91%
ObrońcaJose Gimenez
87%
NapastnikDiego Costa
86%
PomocnikSaul
84%
NapastnikJoao Felix
84%
NapastnikAlvaro Morata
82%
ObrońcaRenan Lodi
72%
ObrońcaKieran Trippier
68%
ObrońcaStefan Savic
65%
PomocnikThomas
63%
NapastnikThomas Lemar
61%
ObrońcaFelipe
56%
NapastnikÁngel Correa
53%
ObrońcaMario Hermoso
51%
BramkarzAntonio Adan
51%
PomocnikMarcos Llorente
48%
ObrońcaSantiago Arias
41%
PomocnikHector Herrera
38%
NapastnikVitolo
34%
ObrońcaSime Vrsaljko
32%
NapastnikIvan Saponjic
13%

Rozkład punktacji

Percentyl według liczby udzielonych odpowiedzi

Procent ludzi z każdym wynikiem

Twoja historia wyników

Nie rozwiązałeś tego quizu